Integración del riesgo en la estimación del Valor Ganado para la gerencia del costo de un proyecto de construcción
محفوظ في:
| المؤلف الرئيسي: | |
|---|---|
| مؤلفون آخرون: | |
| التنسيق: | كتاب |
| اللغة: | Spanish |
| منشور في: |
San José, [Costa Rica]
2018
|
| الموضوعات: | |
| الوسوم: |
إضافة وسم
لا توجد وسوم, كن أول من يضع وسما على هذه التسجيلة!
|
MARC
| LEADER | 00000nam a22000007a 4500 | ||
|---|---|---|---|
| 003 | 012962 | ||
| 005 | 20230531135601.0 | ||
| 008 | 181106b2018 cr a|||| m||| 000 ||spa d | ||
| 040 | |c cru CEDI | ||
| 100 | |9 637 |a Lam González, Juan Andrés,1994- | ||
| 245 | |a Integración del riesgo en la estimación del Valor Ganado para la gerencia del costo de un proyecto de construcción | ||
| 260 | |a San José, [Costa Rica] |c 2018 | ||
| 300 | |a xi, 122 hojas ;ilustraciones a color | ||
| 500 | |a Proyecto de graduación (licenciatura en ingeniería civil)--Universidad de Costa Rica. Facultad de Ingeniería. Escuela de Ingeniería Civil | ||
| 501 | |a Director de Proyecto de Graduación: Ing. Luis Gustavo Ruiz Cano, M.B.A | ||
| 650 | |x |x VALOR ECONOMICO AGREGADO |x |x PROYECTOS DE CONSTRUCCION - ANALISIS DE COSTOS - METODOLOGIA |x INDUSTRIA DE LA CONSTRUCCION - ADMINISTRACION |x RIESGO (ECONOMIA) |9 14556 | ||
| 700 | |9 216 |a Ruiz Cano, Luis Gustavo, 1981- |d Director del TFG | ||
| 942 | |c CEDI |h TFG 8113 |6 TFG_8113_000000000000000 | ||
| 999 | |c 21114 |d 21114 | ||
